000 00845nam0a22002651 4500
001 rc\64952
005 20250620165306.0
010 _a5-7133-0747-6
035 _a(NLR Aleph) 005339503
090 _a6678227
_c6678227
100 _a20021216d1993 |||y0rusy50 ca
101 0 _arus
102 _aRU
105 _ay |||||||||
200 1 _aТорговое право
_eСлов.-фр. терминов
_e[Пер. с фр.]
210 _aМ.
_cМеждунар. отношения
_d1993
215 _a271, [1] с.
_d20
300 _aТермины парал.: фр., рус.
300 _aПеревод изд.: Lexique de droit commercial / Michel Bouilly (Hachette technique)
700 1 _aБуйи
_bМ.
_gМишель
801 0 _aRU
_bNLR
_gpsbo
801 1 _aRU
_bELAR
_2rusmarc
852 _aNLR
_bС
_jК-1/6283
942 _cBOOK
980 _aNB